Pokémon sans aucune évolution - Statistiques

Statistiques générales
  • Ce quiz a été pris 6 050 fois
    3 027 depuis la dernière actualisation
  • Le résultat moyen est 43 sur 92
Statistiques - réponses
Hint Réponse % Correct
1ère Génération Tauros
80%
1ère Génération Lokhlass
73%
1ère Génération Kangourex
71%
1ère Génération Ptéra
70%
1ère Génération Métamorph
68%
1ère Génération Scarabrute
67%
3ème Génération Négapi
65%
3ème Génération Posipi
65%
1ère Génération Canarticho
64%
4ème Génération Pachirisu
60%
6ème Génération Dedenne
58%
2ème Génération Écrémeuh
58%
2ème Génération Scarhino
58%
5ème Génération Emolga
57%
2ème Génération Airmure
56%
3ème Génération Tropius
56%
3ème Génération Absol
55%
3ème Génération Ténéfix
55%
3ème Génération Lovdisc
54%
3ème Génération Mangriff
54%
3ème Génération Séviper
54%
5ème Génération Drakkarmin
53%
3ème Génération Mysdibule
53%
5ème Génération Aflamanoir
52%
5ème Génération Fermite
52%
3ème Génération Morphéo
52%
4ème Génération Spiritomb
52%
7ème Génération Togedemaru
52%
2ème Génération Zarbi
52%
6ème Génération Brutalibré
51%
5ème Génération Judokrak
51%
3ème Génération Kecleon
51%
4ème Génération Motisma
51%
5ème Génération Nanméouïe
51%
2ème Génération Queulorior
51%
5ème Génération Karaclée
50%
3ème Génération Relicanth
50%
5ème Génération Frison
49%
3ème Génération Chartor
48%
7ème Génération Mimiqui
48%
4ème Génération Pijako
48%
3ème Génération Séléroc
48%
3ème Génération Solaroc
48%
4ème Génération Vortente
48%
7ème Génération Draïeul
47%
5ème Génération Hexagel
47%
5ème Génération Mamanbo
47%
6ème Génération Trousselin
47%
7ème Génération Boumata
46%
3ème Génération Spinda
46%
5ème Génération Cryptéro
45%
8ème Génération Morpeko
45%
2ème Génération Corayon
44%
6ème Génération Couafarel
44%
3ème Génération Lumivole
44%
3ème Génération Muciole
44%
2ème Génération Cadoizo
43%
2ème Génération Caratroc
43%
5ème Génération Maracachi
43%
2ème Génération Qwilfish
42%
7ème Génération Gouroutan
41%
5ème Génération Limonde
41%
5ème Génération Bargantua
40%
7ème Génération Denticrisse
40%
7ème Génération Quartermac
40%
6ème Génération Strassie
40%
7ème Génération Météno
38%
7ème Génération Plumeline
38%
7ème Génération Froussardine
37%
9ème Génération Nigirigon
37%
9ème Génération Oyacata
37%
8ème Génération Hydragon
36%
9ème Génération Lestombaile
36%
7ème Génération Sinistrail
36%
7ème Génération Dodoala
35%
8ème Génération Hydragla
35%
8ème Génération Dolman
34%
8ème Génération Galvagla
34%
8ème Génération Galvagon
34%
7ème Génération Guérilande
34%
7ème Génération Concombaffe
33%
8ème Génération Bekaglaçon
32%
8ème Génération Hexadron
32%
9ème Génération Craparoi
31%
9ème Génération Flamenroule
31%
8ème Génération Wattapik
31%
8ème Génération Wimessir
31%
9ème Génération Ferdeter
29%
9ème Génération Motorizard
28%
9ème Génération Délestin
27%
8ème Génération Nigosier
27%
9ème Génération Tapatoès
27%
Aucun quiz correspondant
Distribution des résultats
% des personnes avec chaque résultat
Percentile par nombre de réponses
Votre historique - résultats
Vous n’avez pas pris ce quiz depuis la dernière actualisation